| 000 | 00657nam a22001337a 4500 | ||
|---|---|---|---|
| 040 | _cRUA | ||
| 082 | _aFIS IM 2012 B184 Or.1 | ||
| 100 | _aIM, OUDOM. | ||
| 245 | _aNatural and semi artifcial seed production of moonlight gourami(Trichogaster microlepie), ការផលិតកូនត្រីកំភ្លាញភ្លុក(Trichogater microlepis) តាមបែបធម្មជាតិ និងពាក់កណ្តាលសិប្បនិម្មត | ||
| 260 |
_aPhnom Penh _bRUA _c2012 |
||
| 300 |
_ax; 50p. _bill. _c29cm. |
||
| 856 | _uhttps://drive.google.com/file/d/1MexOYoPgZ7GSpLNiipNegQebgstQ07Dg/view?usp=sharing | ||
| 942 | _cFIS | ||
| 999 |
_c4011 _d4011 |
||